00591nam a2200169 i 4500001000300000245007800003260005800081300005700139651001100196655001600207700002500223040000800248041001100256080001500267008004100282856009800323bg00aIzrael w faktach /c[red. Ellen Hirsch ; tł. z yidish Lechosław Polak]. aJerozolima :bIzraelskie Centrum Informacyjne,c1996. a285 s. :bfot., mapy, wykr. (w tym kolor.) ;c21 cm. 9aIzrael aInformatory1 aHIRSCH, Ellen.eRed. cBPK1 aplhyi a913(569.4) s pl f |000 0 pol  uhttp://koha.tu.koszalin.pl/cgi-bin/koha/opac-detail.pl?biblionumber=34755yKatalog online BPK